Loading...
| Current Events | 1 | 20.00 | 0% | 600% | 600% |
| Fine Arts - Auditory | 8 | 17.50 | 2,288% | 225% | 350% |
| Fine Arts - Other | 6 | 16.67 | 2,033% | 267% | 283% |
| Fine Arts - Visual | 8 | 13.75 | 1,213% | 275% | 263% |
| Geography | 2 | 15.00 | 1,250% | 250% | 250% |
| History - American | 4 | 12.50 | 900% | 125% | 425% |
| History - European | 5 | 6.00 | 0% | 320% | 0% |
| History - Other | 8 | 16.25 | 1,975% | 288% | 300% |
| History - World | 7 | 15.71 | 2,771% | 257% | 157% |
| Literature - American | 9 | 17.78 | 2,556% | 244% | 311% |
| Literature - British | 5 | 14.00 | 2,660% | 120% | 240% |
| Literature - European | 8 | 12.50 | 1,838% | 350% | 0% |
| Literature - World | 7 | 14.29 | 871% | 171% | 486% |
| Mythology | 8 | 16.25 | 1,975% | 288% | 288% |
| Philosophy | 8 | 12.50 | 763% | 288% | 288% |
| Pop Culture | 2 | 15.00 | 0% | 600% | 300% |
| Religion | 7 | 14.29 | 2,414% | 71% | 314% |
| Science - Biology | 6 | 15.00 | 1,433% | 367% | 167% |
| Science - Chemistry | 8 | 18.75 | 1,975% | 275% | 413% |
| Science - Other | 8 | 17.50 | 1,975% | 300% | 350% |
| Science - Physics | 4 | 15.00 | 1,800% | 300% | 275% |
| Social Science | 6 | 16.67 | 600% | 483% | 383% |